000 00482nam a22001937a 4500
003 OSt
008 260408b |||||||| |||| 00| 0 eng d
020 _a9788119105458
082 _a595.701
_bR71I
245 _aInsect Physiology /
_cedited by Kenneth D. Roeder
260 _a.- Delhi
_b: IBPSS
_c, 2024
300 _axiv,1100p.
650 _aPure Sciences
650 _aAnimals
650 _aInsects
650 _aPhysiology
700 _aKenneth D. Roeder
942 _2ddc
_cBK
999 _c50042
_d50042